The carpenter's apprentice / (Record no. 59687)
[ view plain ]
| 000 -LEADER | |
|---|---|
| fixed length control field | 00876nam a22002177a 4500 |
| 005 - DATE AND TIME OF LATEST TRANSACTION | |
| control field | 2013013108228.0 |
| 010 ## - LCCN (DPL NO) | |
| LC control number | B-480459 |
| 020 ## - INTERNATIONAL STANDARD BOOK NUMBER | |
| International Standard Book Number | 9788185586946 |
| Terms of availability | 75.00 |
| 037 ## - SOURCE OF ACQUISITION | |
| Source of stock number/acquisition | PUB |
| 082 ## - DEWEY DECIMAL CLASSIFICATION NUMBER | |
| Classification number | S |
| 245 ## - TITLE STATEMENT | |
| Title | The carpenter's apprentice / |
| Statement of responsibility, etc | selected by Vijaya Ghose; edited by Rosalind Wilson |
| 260 ## - PUBLICATION, DISTRIBUTION, ETC. (IMPRINT) | |
| Place of publication, distribution, etc | New Delhi |
| Name of publisher, distributor, etc | Katha |
| Date of publication, distribution, etc | 2000 |
| 270 ## - ADDRESS | |
| Address | A3 Sarvodaya Enclave, Sri Aurobindo Marg, |
| City | New Delhi |
| Postal code | 110017 |
| 300 ## - PHYSICAL DESCRIPTION | |
| Extent | 131p. |
| Other physical details | ill. |
| Dimensions | 22cm(pbk) |
| 500 ## - GENERAL NOTE | |
| General note | From stories published in Target magazine |
| 700 ## - ADDED ENTRY--PERSONAL NAME | |
| Personal name | Ghose, Vijaya |
| 9 (RLIN) | 37243 |
| 700 ## - ADDED ENTRY--PERSONAL NAME | |
| Personal name | Wilson, Rosalind |
| 9 (RLIN) | 37244 |
| 942 ## - ADDED ENTRY ELEMENTS (KOHA) | |
| Source of classification or shelving scheme | Dewey Decimal Classification |
| Item type | Children Books |
| Call number suffix | CAR |
| Classification part | S |
| Withdrawn status | Lost status | Not for loan | Collection code | Home library | Current library | Date acquired | Source of acquisition | Cost, normal purchase price | Full call number | Barcode | Copy number | Cost, replacement price | Koha item type |
|---|---|---|---|---|---|---|---|---|---|---|---|---|---|
| Written-off vide DLB M. No. 383 dt 16.05.19 | Fiction | Central Library | Central Library | 31/01/2013 | BBB/IN8485/14.04.12/43/20.03.12/19.6.12 | 75.00 | S CAR | B-480459 | 1 | 75.00 | Children Books |
